Critics vs Public! Movie Click Quiz - Statistics

General Stats
  • This quiz has been taken 56 times
  • The average score is 11 of 20
Answer Stats
Hint Explanation Answer % Correct
Transformers Critics 57% Public 85%
Rated Fresh By Public
83%
Twilight Critics 49% Public 72%
Rated Fresh By Public
83%
The Fast and the Furious Critics 54% Public 74%
Rated Fresh By Public
79%
Noah Critics 75% Public 41%
Rated Fresh By Critics
67%
Top Gun Critics 58% Public 83%
Rated Fresh By Public
67%
Uncut Gems Critics 91% Public 52%
Rated Fresh By Critics
64%
Venom Critics 30% Public 80%
Rated Fresh By Public
64%
Warcraft Critics 29% Public 76%
Rated Fresh By Public
62%
Ad Astra Critics 83% Public 40%
Rated Fresh By Critics
55%
Antz Critics 92% Public 52%
Rated Fresh By Critics
52%
Star Wars: Episode 9 - The Rise of Skywalker Critics 52% Public 86%
Rated Fresh By Public
52%
The Matrix Revolutions Critics 34% Public 60%
Rated Fresh By Public
50%
Star Wars: Episode VIII - The Last Jedi Critics 91% Public 42%
Rated Fresh By Critics
43%
King Kong (2005) Critics 84% Public 50%
Rated Fresh By Critics
43%
Fantastic Beasts: The Secrets of Dumbledore Critics 46% Public 83%
Rated Fresh By Public
43%
¡Three Amigos! Critics 45% Public 67%
Rated Fresh By Public
43%
Indiana Jones and the Kingdom of the Crystal Skull Critics 77% Public 53%
Rated Fresh By Critics
33%
Sausage Party Critics 82% Public 50%
Rated Fresh By Critics
33%
The SpongeBob Movie: Sponge Out of Water Critics 81% Public 54%
Rated Fresh By Critics
29%
Spy Kids Critics 93% Public 40%
Rated Fresh By Critics
26%
No matching quizzes found
Score Distribution
Percent of People with Each Score
Percentile by Number Answered
Your Score History
You have not taken this quiz